|
|
|
|
| LEADER |
00000nab a2200000 a 4500 |
| 001 |
vtls000632957 |
| 003 |
SK-MaSNL |
| 005 |
20260426095235.0 |
| 008 |
201103c1997 xo 0 slo |
| 015 |
|
|
|a SNBRB19rr/mm-uuuuu
|
| 035 |
|
|
|a CL0633096
|
| 040 |
|
|
|a SNKBUCL
|b slo
|c SNKBUCL
|e AACR2
|
| 041 |
0 |
|
|a slo
|
| 044 |
|
|
|a xo
|c SK
|
| 080 |
|
|
|a 327(437.6:439)
|2 1981
|
| 080 |
|
|
|a 327(439:437.6)
|2 1981
|
| 100 |
1 |
|
|a Lőrincz, Július,
|d 1910-1980
|4 aut
|9 48954
|
| 245 |
1 |
0 |
|a Problémy stále otvorené
|b Maďarsko: Stretnutie Horna a Mečiara
|c Július Lőrincz
|
| 300 |
|
|
|b Fotogr. 2
|
| 650 |
0 |
7 |
|a zahraničná politika
|2 snkbucl
|9 971
|
| 651 |
|
7 |
|a Slovensko
|2 SNKPHgeo
|9 14231
|
| 651 |
|
7 |
|a Maďarsko
|2 snkbucl
|9 16754
|
| 655 |
|
7 |
|a články z novín a časopisov
|2 snkbucl
|9 267496
|
| 700 |
1 |
|
|a Mečiar, Vladimír,
|d 1942-
|4 aut
|9 10144
|
| 700 |
1 |
|
|a Horn, Gyula,
|d 1932-2013
|4 aut
|9 241868
|
| 773 |
0 |
|
|t Pravda
|g Roč. 7, č. 189 (16. 8. 1997), s. 1 a 18
|
| 850 |
|
|
|a Slovenská národná knižnica v Martine
|a MTA001
|
| 852 |
|
|
|a SNK
|b KIS3GCP
|
| 958 |
|
|
|a SK
|
| 958 |
|
|
|a HU
|
| 958 |
|
|
|a RK
|
| 958 |
|
|
|a RBX
|
| 999 |
|
|
|c 3160366
|d 3162296
|